Score 0/20 Timer 03:00
1 Play Today
Title Answer % Correct
Never Let Me ___Go
97.4%
The Da Vinci _____Code
96.5%
The Girl with the Dragon ______Tattoo
96%
Harry Potter and the ______ of FireGoblet
93.4%
The Time Traveler's _____Wife
86%
The ______ in Our StarsFault
84.3%
The ____ ThiefBook
83.5%
The Other _______ GirlBoleyn
75.2%
Extremely _____ and Incredibly CloseLoud
73.4%
A Short ______ of Nearly Everything History
66.4%
Title Answer % Correct
_____ Player OneReady
62.6%
A ___ Called OveMan
53.3%
The Curious _________ of the Dog in the Night-TimeIncident
47.7%
A Thousand _______ SunsSplendid
45%
________ GodsAmerican
36%
White ______Teeth
26.9%
The God ________Delusion
25.4%
The Brief ________ Life of Oscar WaoWondrous
17.6%
The Name of the ____Wind
12.8%
H is for _____Hawk
10.3%

Today's Daily Dose

Remove Ads.
Support Sporcle.
Get the best of Sporcle when you Go Orange. This ad-free experience offers more features, more stats, and more fun while also helping to support Sporcle. Thank you for becoming a member.

You're not logged in!

Compare scores with friends on all Sporcle quizzes.
OR
Log In

Show Comments

Extras

Top Quizzes Today


Score Distribution

Your Account Isn't Verified!

In order to create a playlist on Sporcle, you need to verify the email address you used during registration. Go to your Sporcle Settings to finish the process.

Report this User

Report this user for behavior that violates our Community Guidelines.

Details: